01153nam a2200169 a 450000100100000000500170001000800410002704000250006808200160009311000660010924500130017526000410018830000200022950005430024995201740079299900170096600002839020200930054923.0110408s1972 dr r 000 0 spa d aDO-SdBNPbspacBNPHU axxxxbR426m1 aRepública Dominicana.bAcademia Dominicana de Lengua95535010aMensaje. aSanto Domingo :bArte y Cine,c1972. a42 p. ;c23 cm. aLa Academia Dominicana de Lengua recoge en estas páginas los discursos pronunciados en el salón de actos de la Biblioteca Nacional por los señores D. Fabio A. Mota Medrano y D. Mariano Lebrón Saviñón, presidente y tesorero respectivamente del Instituto Dominicano Andrés Bello, con motivo de la próxima celebración del VI Congreso de Academias de la Lengua, cuya clausura solemne tendrá efecto el día 29 de noviembre, fecha en que se celebra Hispanoamérica el CXCI natalicio del insigne lingüística venezolano. 0010718PDaPDbPDcHDd2011-04-08iLF1l0oxxxx R426mp28390-10r2020-06-25w2020-06-25yLFPDzPerteneció a la biblioteca personal de Bárbara Suncar.ZNo se presta c27882d27882